| 000 | 01345nam a22002897a 4500 | ||
|---|---|---|---|
| 005 | 2008102909359.0 | ||
| 008 | 081029t xxu||||| |||| 00| 0 hin d | ||
| 010 | _aHIN-84531 | ||
| 020 |
_a9788126716104 _c450.00 |
||
| 035 | _aHN-56877 | ||
| 037 | _bDBAD / PUB | ||
| 040 |
_aDPL _bHN |
||
| 082 | _a808.88 | ||
| 100 | _aजोशी, प्रभाष | ||
| 245 |
_aखेल सिर्फ खेल नहीं है / _cप्रभाष जोशी; सुरेश शर्मा द्वारा संपादित |
||
| 246 |
_aKhel sirf khel nahin hai _bby Prabhash Joshi |
||
| 260 |
_aनई दिल्ली _bराजकमल प्रकाशन _c2008 |
||
| 270 |
_a1-बी, नेताजी सुभाष मार्ग _bनई दिल्ली _e110002 |
||
| 300 |
_a351पृ _c22सेमी (सजिल्द) |
||
| 600 | _aजोशी, प्रभाष, 1937- | ||
| 600 | _aJoshi, Prabhash , 1937- | ||
| 650 | _aखेल-कूद | ||
| 650 | _aSports | ||
| 700 | _aशर्मा, सुरेश | ||
| 942 |
_2ddc _cHN _mजोशीप्र _h808.88 |
||
| 999 |
_c17278 _d17278 |
||